000 00568nam a2200241Ia 4500
008 210210b1955 xxu||||| |||| 00| 0 eng d
041 _aeng
082 _a825/1224
100 _aBOAS ( Frederick S) WHITE (Beatrice) Ed
245 _aYears work in english studies 1953 Vol 34
260 _aLondon
_bOxford University Press
_c1955
440 _a34
650 _aYears
650 _awork
650 _aVol
650 _astudies
650 _ain
650 _aenglish
650 _a34
650 _a1953
690 _aEnglish Criticism
906 _a015538
999 _c134916
_d134916